000
00302nam a22001337a 4500
008
181024b xxu||||| |||| 00| 0 eng d
020
_a
9781591951216
041
_a
eng
080
_a
616.9
100
_a
8
101
_a
INF
245
_a
Infectious DFiseases Handbook
_c
Aberg.J.A
942
_2
udc
_c
BK
999
_c
50823
_d
50823